Ιστορία : Α' θέματα διδασκαλίας της ιστορίας ; Β' γενικά θέματα ιστορίας.
Αποθηκεύτηκε σε:
| Μορφή: | Βιβλίο |
|---|---|
| Γλώσσα: | Greek |
| Δημοσίευση: |
Θεσσαλονίκη :
Φιλόλογος: Σύλλογος Αποφοίτων της Φιλοσοφικής Σχολής του Αριστοτέλειου Πανεπιστήμιου Θεσσαλονίκης,
1997.
|
| Σειρά: | Η βιβλιοθήκη του φιλολόγου
|
| Θέματα: | |
| Ετικέτες: |
Προσθήκη ετικέτας
Δεν υπάρχουν, Καταχωρήστε ετικέτα πρώτοι!
|
MARC
| LEADER | 00000cam a2200000 i 4500 | ||
|---|---|---|---|
| 001 | 1/10615 | ||
| 008 | 000904s1997 gr | ||| |||| ||gre|| | ||
| 035 | |l 10063500 | ||
| 040 | |a GR-MY-UA |b gre |e aacr | ||
| 041 | 0 | |a gre | |
| 082 | 7 | |a 907 |2 (22) | |
| 245 | 0 | 0 | |a Ιστορία : |b Α' θέματα διδασκαλίας της ιστορίας ; Β' γενικά θέματα ιστορίας. |
| 260 | |a Θεσσαλονίκη : |b Φιλόλογος: Σύλλογος Αποφοίτων της Φιλοσοφικής Σχολής του Αριστοτέλειου Πανεπιστήμιου Θεσσαλονίκης, |c 1997. | ||
| 300 | |a 320 σ. ; |c 24 εκ. | ||
| 490 | 1 | |a (Η βιβλιοθήκη του φιλολόγου) | |
| 650 | 0 | 0 | |a History |x Study and teaching. |
| 830 | 0 | |a Η βιβλιοθήκη του φιλολόγου | |
| 852 | |a INST |b RHODES |e 20000904 |h 907 ΙΣΤ |p 005400013489 |q 005400013489 |t BK |y 0 | ||
| 852 | |a INST |b RHODES |e 20010125 |h 907 ΙΣΤ |p 005400014365 |q 005400014365 |t BK |y 0 | ||
| 901 | |a BIBL4-2000-2 | ||
| 909 | |a Ρ |b 064362 | ||
| 909 | |a Ρ |b 078531 | ||
| 922 | |a 4ΕΛΗ |b 200004 | ||
| 970 | |z 2000/08 | ||